Statistics for Top 10 Film Producing Countries

Click here to take the quiz!

General Stats

  • This quiz has been taken 1,211 times
    (613 since last reset)
  • The average score is 9 of 10

Answer Stats

Flims ProducedAnswer% Correct
1,986India
98%
456USA
98%
791China
95%
594France
95%
300UK
92%
255Germany
89%
686Japan
89%
269Spain
84%
298South Korea
71%
997Nigeria
63%

Score Distribution

Percentile by Number Answered

Percent of People with Each Score

Your Score History

You have not taken this quiz since the last reset